000 00674nam a2200229Ia 4500
003 OSt
005 20220923230509.0
006 a|||||r|||| 00| 0
007 ta
008 220922b |||||||| |||| 00| 0 pan d
024 _a282,572
037 _cTextual
040 _aARTS
_cARTS
_bpan
041 _2pan
_apan
082 _aO153,3NDH3x, N0
100 _aਧਾਲੀਵਾਲ, ਜਸਦੇਵ ਸਿੰਘ
245 0 _aਸੁਰ॥ਾਬ ਦੇ ਖੰਭ
260 _c1990
650 _aਪੰਜਾਬੀ ਸਾਹਿਤ
942 _hO153,3NDH3x, N0
_cTEXL
_2CC
999 _c385267
_d385267